000 00537nam a2200217Ia 4500
008 160803s9999 xx 000 0 und d
020 _a978-0395963319
100 _aMacaulay, David
245 _aBuilding big /
245 _cby David Macaulay.
260 _aNew York :
260 _bScholastic Inc.
260 _c2000
300 _a192 pages :
300 _bcolor illustrations, maps ;
300 _c29 cm.
650 _aArchitecture --
650 _aArchitecture.
650 _xJuvenile literature.
700 _a1260
999 _c298139
_d298139